000 00414nam a2200169Ia 4500
008 230524s9999 xx 000 0 und d
020 _a8177224638
082 _a585.56
_bSTA
100 _aMartin K.Starr
245 0 _aProduction and Operations Management
250 _aIST
260 _aNEW DELHI
_bbiztantra
_c2008
300 _aX;841
500 _aQuantity Number: 2
650 _aManagement
942 _cBK
999 _c45151
_d45151